Aspectos sociopolíticos del parlamento tradicional en algunos países Africanos/ Robert G. Armstrong...(et al.) (Record no. 132049)

MARC details
000 -CABECERA
campo de control de longitud fija 00631nam a2200205 a 4500
005 - FECHA Y HORA DE LA ÚLTIMA TRANSACCIÓN
campo de control 20210219160150.0
008 - ELEMENTOS DE LONGITUD FIJA--INFORMACIÓN GENERAL
campo de control de longitud fija 080922s2000 mx r 000 0 spa d
020 ## - NÚMERO INTERNACIONAL NORMALIZADO PARA LIBROS
Número Internacional Estándar del Libro 8485800249
035 ## - NÚMERO DE CONTROL DEL SISTEMA
Número de control de sistema UPN01000159935
049 ## - COLECCIÓN
Colección UNE
080 ## - NÚMERO DE CLASIFICACIÓN DECIMAL UNIVERSAL
Número de la Clasificación Decimal Universal 008 (6) SOC No.3
245 00 - MENCIÓN DE TÍTULO
Título Aspectos sociopolíticos del parlamento tradicional en algunos países Africanos/ Robert G. Armstrong...(et al.)
260 ## - PUBLICACIÓN, DISTRIBUCIÓN, ETC.
Lugar de publicación, distribución, etc. Barcelona : Serbal; París : UNESCO, 1982
300 ## - DESCRIPCIÓN FÍSICA
Extensión 95 p.
500 ## - NOTA GENERAL
Nota general Incluye bibliografía
690 ## - PUNTO DE ACCESO ADICIONAL DE MATERIA LOCAL--TÉRMINO DE MATERIA (OCLC, RLIN)
Término de materia o nombre geográfico como elemento inicial Sociologia politica- Africa
690 ## - PUNTO DE ACCESO ADICIONAL DE MATERIA LOCAL--TÉRMINO DE MATERIA (OCLC, RLIN)
Término de materia o nombre geográfico como elemento inicial Desarrollo cultural- Africa
710 2# - ASIENTO SECUNDARIO - NOMBRE CORPORATIVO
Nombre de entidad corporativa o nombre de jurisdicción como elemento de entrada UNESCO
905 ## - TIPO DE MATERIAL
Tipo de material UNESCO

No items available.